Izvoz spreman — 

Cấu trúc và lập trình các hệ xử lý tín hiệu số

Spremljeno u:
Bibliografski detalji
Glavni autor: Nguyễn Tăng Cường
Format: Knjiga
Jezik:Undetermined
Izdano: H. KHKT 2004
Teme:
Oznake: Dodaj oznaku
Bez oznaka, Budi prvi tko označuje ovaj zapis!
Thư viện lưu trữ: Trung tâm Học liệu Trường Đại học Cần Thơ
LEADER 00616nam a2200193Ia 4500
001 CTU_60237
008 210402s9999 xx 000 0 und d
020 |b 62000 
082 |a 005.133 
082 |b C561 
100 |a Nguyễn Tăng Cường 
245 0 |a Cấu trúc và lập trình các hệ xử lý tín hiệu số 
245 0 |c Nguyễn Tăng Cường và Phan Quốc Thắng 
260 |a H. 
260 |b KHKT 
260 |c 2004 
650 |a programming languages ( electronic computers ) 
904 |i Minh 
980 |a Trung tâm Học liệu Trường Đại học Cần Thơ